MARC details
| 000 -CABECERA |
| campo de control de longitud fija |
01176nam a2200265 a 4500 |
| 005 - FECHA Y HORA DE LA ÚLTIMA TRANSACCIÓN |
| campo de control |
20240924070313.0 |
| 008 - ELEMENTOS DE LONGITUD FIJA--INFORMACIÓN GENERAL |
| campo de control de longitud fija |
991125s1946 mx 000 0 spa u |
| 035 ## - NÚMERO DE CONTROL DEL SISTEMA |
| Número de control de sistema |
UPN01000033195 |
| 049 ## - COLECCIÓN |
| Colección |
SEP |
| 050 #4 - SIGNATURA TOPOGRÁFICA DE LA BIBLIOTECA DEL CONGRESO |
| Número de clasificación |
AC70 B5a |
| Número de documento/Ítem |
no.96-10 |
| 245 00 - MENCIÓN DE TÍTULO |
| Título |
Jovellanos / |
| Mención de responsabilidad, etc. |
selec. y pról. de José Loredo Aparicio |
| 260 ## - PUBLICACIÓN, DISTRIBUCIÓN, ETC. |
| Lugar de publicación, distribución, etc. |
México : |
| Nombre del editor, distribuidor, etc. |
SEP, |
| Fecha de publicación, distribución, etc. |
1946 |
| 300 ## - DESCRIPCIÓN FÍSICA |
| Extensión |
1 v. (varias paginaciones |
| 440 #0 - MENCIÓN DE SERIE/ASIENTO SECUNDARIO--TÍTULO |
| Título |
Biblioteca enciclopédica popular; |
| Designación de volumen o secuencia |
96-100 |
| 500 ## - NOTA GENERAL |
| Nota general |
Encuadernado con: no.97. Luis G. Urbina : prosas / páginasprelim. de Carlos González Peña -- no.98. Teatro mexicano : dos obras en un acto / selec. y arreglo escénico de Fernando Wagner |
| 500 ## - NOTA GENERAL |
| Nota general |
no.99. Las razas humanas / por Juan Comas -- no.100. Confesiones de un pianista y otros cuentos románticos / por Justo Sierra ; páginas prelim. de Carlos González Peña |
| 650 #4 - ASIENTO SECUNDARIO DE MATERIA - TERMINO TEMATICO |
| Término de materia o nombre geográfico como elemento de entrada |
Cuentos mexicanos |
| 9 (RLIN) |
6937 |
| 650 #2 - ASIENTO SECUNDARIO DE MATERIA - TERMINO TEMATICO |
| Término de materia o nombre geográfico como elemento de entrada |
Etnología |
| 9 (RLIN) |
4794 |
| 650 #4 - ASIENTO SECUNDARIO DE MATERIA - TERMINO TEMATICO |
| Término de materia o nombre geográfico como elemento de entrada |
PROSA LITERARIA MEXICANA |
| 9 (RLIN) |
14842 |
| 650 #2 - ASIENTO SECUNDARIO DE MATERIA - TERMINO TEMATICO |
| Término de materia o nombre geográfico como elemento de entrada |
Teatro mexicano |
| 9 (RLIN) |
10342 |
| 600 14 - ASIENTO SECUNDARIO DE MATERIA - NOMBRE PERSONAL |
| Nombre de persona |
JOVELLANOS, GASPAR MELCHOR DE,- |
| Fechas asociadas al nombre |
1744-1815 |
| 700 2# - ASIENTO SECUNDARIO--NOMBRE DE PERSONAL |
| Nombre de persona |
Loredo Aparicio, José, |
| Término indicativo de función/relación |
comp. |
| 710 1# - ASIENTO SECUNDARIO - NOMBRE CORPORATIVO |
| Nombre de entidad corporativa o nombre de jurisdicción como elemento de entrada |
México. |
| Unidad subordinada |
Secretaría de Educación Pública |
| 905 ## - TIPO DE MATERIAL |
| Tipo de material |
Libro |